书目信息 |
| 题名: |
几何学引论 上册
|
|
| 作者: | 郑崇友等 | |
| 分册: | ||
| 出版信息: | 北京 高等教育出版社 2000.03 |
|
| 页数: | 238页 | |
| 开本: | 16开 | |
| 丛书名: | ||
| 单 册: | ||
| 中图分类: | O181-43 | |
| 科图分类: | ||
| 主题词: | 几何 , 拓扑 | |
| 电子资源: | ||
| ISBN: | 7-04-007884-8 | |
| 000 | 00566nam0 2200205 45 | |
| 001 | 0106210966 | |
| 005 | 20010621090921.3 | |
| 010 | @a7-04-007884-8@d13.30元 | |
| 100 | @a20010621d2000 km y0chiy0120 ea | |
| 101 | 0 | @achi |
| 105 | @a z 000yy | |
| 200 | 1 | @a几何学引论 上册@AJi He Xue Yin Lun Shang Ce@f郑崇友等@FZheng Chong You Deng |
| 210 | @a北京@c高等教育出版社@d2000.03 | |
| 215 | @a238页@d16开 | |
| 606 | 0 | @a几何 |
| 606 | 0 | @a拓扑 |
| 690 | @aO181-43@v3 | |
| 701 | 0 | @a郑崇友等 |
| 801 | @aCN@bPftUser@c20010621 | |
| 905 | @f5@b350092-096@dO181-43@eZH909:1 | |
| 几何学引论 上册/郑崇友等.-北京:高等教育出版社,2000.03 |
| 238页;16开 |
| ISBN 7-04-007884-8:13.30元 |
| ● |
| 相关链接 |
|
|
|
正题名:几何学引论上册
索取号:O181-43/ZH909:1
 
预约/预借
| 序号 | 登录号 | 条形码 | 馆藏地/架位号 | 状态 | 备注 |
| 1 | 350092 | 203500924 | 自科库401/401自科库 75排1列1层/ [索取号:O181-43/ZH909:1] | 在馆 | |
| 2 | 350093 | 203500933 | 自科库401/401自科库 75排1列1层/ [索取号:O181-43/ZH909:1] | 在馆 | |
| 3 | 350094 | 203500942 | 自科库401/401自科库 75排1列1层/ [索取号:O181-43/ZH909:1] | 在馆 | |
| 4 | 350095 | 203500951 | 自科库401/401自科库 75排1列1层/ [索取号:O181-43/ZH909:1] | 在馆 | |
| 5 | 350096 | 203500960 | 自科库401/401自科库 75排1列1层/ [索取号:O181-43/ZH909:1] | 在馆 |